| 000 | 01186cam a2200277 i 4500 | ||
|---|---|---|---|
| 008 | |||
| 090 | _aTA401 | ||
| 111 | 2 |
_aSymposium on Heat Transmission Measurements _d(1977 : _cPhiladelphia, Pa.) |
|
| 245 | 1 | 0 |
_aThermal transmission measurements of insulation : _ba symposium _csponsored by ASTM Committee C-16 on Thermal and Cryogenic Insulating Materials, American Society for Testing and Materials, Philadelphia, Pa., 19-20 Sept. 1977 ; R. P. Tye, editor. |
| 260 |
_aPhiladelphia, Pa. : _bAmerican Society for Testing and Materials, _c1978. |
||
| 300 |
_a[9], 451 p. : _bill. ; _c24 cm. |
||
| 490 | 1 |
_aASTM special technical publication ; _vno.660. |
|
| 504 | _aIncludes bibliographical references. | ||
| 500 | _aIncludes index. | ||
| 650 | 0 |
_aInsulation (Heat) _xTesting. |
|
| 650 | 0 |
_aInsulating materials _xTesting. |
|
| 650 | 0 |
_aHeat _xTransmission. |
|
| 700 | 1 |
_aTye, R. P. _q(Ronald Phillip) |
|
| 710 | 2 | _aASTM Committee C-16 on Thermal and Cryogenic Insulating Materials. | |
| 907 |
_a.b10168758 _b29-11-05 _c20-07-05 |
||
| 003 | |||
| 005 | 20230123134036.0 | ||
| 040 | _cNUST | ||
| 049 | _aMAIN | ||
| 942 |
_cBOOKS _kTA401 |
||
| 999 |
_c159018 _d159018 |
||